000
00245nam a22000977a 4500
999
_c
530112
_d
530112
082
_a
551.48011
_b
MCC
100
_a
Richard H.
245
_a
Modeling Hydrollogic Change /
942
_2
ddc
_c
BK